Ursa Minor- All 88 Constellations - Statistics

General Stats
  • This quiz has been taken 9 times
  • The average score is 7 of 20
Answer Stats
Hint Answer % Correct
Total stars of the Little Dipper 7
88%
Cardinal Direction pointed by Polaris North
75%
Polaris
63%
Best Season for sight Summer
63%
Greek Letter of Polaris Alpha
50%
Camelopardalis
50%
Cepheus
50%
Draco
50%
Other famous name Lesser Bear
50%
Latin genitive of "Ursa Minor" Ursae Minoris
38%
Southernmost latutide where it's visible 1°S
13%
Who is Ursa minor, mythologically? Arcas, son of Callisto
13%
Kochab
13%
Pherkad
13%
Famous meteour showers Ursids
13%
Yildun
13%
Country's Anthem where Polaris is named North Korea
0%
Little bear's antipodes Octans
0%
Most famous Galaxy Polarissima Borealis (NGC 6217)
0%
Polaris belongs to this type of star system Triple System
0%
No matching quizzes found
Score Distribution
Percent of People with Each Score
Percentile by Number Answered
Your Score History
You have not taken this quiz